000 01880nam0a2200361 4500
001 RU\NLR\BIBL_A\011967894
005 20190410162217.0
010 _a978-5-8199-0881-5
_bИД "Форум"
010 _a978-5-16-015081-9
_bИНФРА-М
021 _aRU
_bКН-П-19-012363
_9КН-П-19-0920
035 _a(NLR Aleph) 011967894
035 _a(RuMoRGB)009900174
090 _a11240277
_c11240277
100 _a20190322d2019 k y0rusy50 ca
101 0 _arus
102 _aRU
105 _aa|||j|||000zy
200 1 _aПсихология общения. Практикум по психологии
_eучебное пособие для студентов высших учебных заведений, обучающихся по укрупненной группе специальностей 44.03.00 "Образование и педагогические науки" (квалификация (степень) "бакалавр")
_fН. С. Ефимова
210 _aМосква
_cФорум
_cИНФРА-М
_d2019
215 _a191, [1] с.
_cил., табл.
_d22
225 1 _aВысшее образование - бакалавриат
225 1 _aБакалавриат
300 _aНа 4-й с. обл. авт.: Ефимова Н.С. - к.психол.н., доц.
320 _aБиблиогр.: с. 178-179 (37 назв.)
517 1 _aПрактикум по психологии
606 1 _aОбщение (психол.)
_jУчебные издания для высших учебных заведений
_9943939
_3RU\NLR\AUTH\66349730
686 1 _aЮ935.108я73
700 1 _7ca
_8rus
_aЕфимова
_bН. С.
_cканд. психол. наук
_gНаталия Сергеевна
_921577
_3RU\NLR\AUTH\7738593
942 _cBOOK
980 _aNBR
980 _aNB